Spectral theory and applications of linear operators and block operator matrices (Record no. 755124)

MARC details
000 -LEADER
fixed length control field 00509nam a22001697a 4500
020 ## - INTERNATIONAL STANDARD BOOK NUMBER
ISBN 9783319175652
100 ## - MAIN ENTRY--AUTHOR NAME
Personal name Jeribi, Aref
245 ## - TITLE STATEMENT
Title Spectral theory and applications of linear operators and block operator matrices
260 ## - PUBLICATION, DISTRIBUTION, ETC. (IMPRINT)
Place of publication New York
Name of publisher Springer
Year of publication 2015
300 ## - PHYSICAL DESCRIPTION
Number of Pages xvi+599
650 ## - SUBJECT ADDED ENTRY--TOPICAL TERM
Topical Term Fredholm operator
650 ## - SUBJECT ADDED ENTRY--TOPICAL TERM
Topical Term Pseudospectrum
650 ## - SUBJECT ADDED ENTRY--TOPICAL TERM
Topical Term Cauchy problem
856 ## - ELECTRONIC LOCATION AND ACCESS
Uniform Resource Identifier https://doi.org/10.1007/978-3-319-17566-9
942 ## - ADDED ENTRY ELEMENTS (KOHA)
Source of classification or shelving scheme Dewey Decimal Classification
Koha item type Book
Holdings
Withdrawn status Lost status Source of classification or shelving scheme Damaged status Not for loan Collection code Home Library Current Location Shelving location Date acquired Source of acquisition Cost, normal purchase price Full call number Accession Number Price effective from Koha item type
    Dewey Decimal Classification     Gift or donation Dept. of Mathematics Dept. of Mathematics General Stacks 08/01/2026 Donated by Dr. Krishna Kumar G on the completion of SERB sponsored project (UO. No: Ad.F1/1373/2021 dated 22/01/2024) 9294.16 515.7222 JER-S MATG256 16/01/2026 Book